000
00239nam a22000977a 4500
008
170105b xxu||||| |||| 00| 0 eng d
041
_a
eng
080
_2
1st
_a
618.2
245
_a
NCLEX-RN CONTENT REVIEW GUIDE
_c
KAPLAN NURSING
942
_2
udc
_c
BK
999
_c
2537
_d
2537